Electronic Principles (Record no. 3019)

MARC details
005 - DATE AND TIME OF LATEST TRANSACTION
control field 20250621072156.0
020 ## - INTERNATIONAL STANDARD BOOK NUMBER
International Standard Book Number 0-02-802833-3
082 ## - DEWEY DECIMAL CLASSIFICATION NUMBER
Classification number LM 621.3515 MAL
100 ## - MAIN ENTRY--PERSONAL NAME
Author name MALVINO, A. P.
245 ## - TITLE STATEMENT
Title Electronic Principles
250 ## - EDITION STATEMENT
Edition statement 6th Ed.
260 ## - PUBLICATION, DISTRIBUTION, ETC.
Place of publication, distribution, etc. New York,
Name of publisher, distributor, etc. Mac Graw Hill,
Date of publication, distribution, etc. 1999.
300 ## - PHYSICAL DESCRIPTION
Extent viii, 82p.: Ill.; figure, picture & table.
Other physical details Glossary & Index
Dimensions 26cm.
942 ## - ADDED ENTRY ELEMENTS (KOHA)
Source of classification or shelving scheme Dewey Decimal Classification
Koha item type Books
Holdings
Date last seen Total checkouts Full call number Barcode Cost, replacement price Price effective from Koha item type Lost status Source of classification or shelving scheme Damaged status Not for loan Withdrawn status Home library Current library Shelving location Date acquired Cost, normal purchase price Source of acquisition
06/02/2025   LM 621.3515 MAL 0000008265 180000.00 06/02/2025 Books   Dewey Decimal Classification       College of Business Education Main Library College of Business Education Main Library General Collection 05/26/2011 60000.00  
06/02/2025   LM 621.3515 MAL 0000008266 180000.00 06/02/2025 Books   Dewey Decimal Classification       College of Business Education Main Library College of Business Education Main Library General Collection 05/26/2011 60000.00  
06/02/2025   LM 621.3515 MAL 0000008267 180000.00 06/02/2025 Books   Dewey Decimal Classification       College of Business Education Main Library College of Business Education Main Library General Collection 05/26/2011 60000.00  
06/02/2025   LM 621.3515 MAL 0000008268 180000.00 06/02/2025 Books   Dewey Decimal Classification       College of Business Education Main Library College of Business Education Main Library General Collection 05/26/2011 60000.00  
06/02/2025   LM 621.3515 MAL 0000008269 180000.00 06/02/2025 Books   Dewey Decimal Classification       College of Business Education Main Library College of Business Education Main Library General Collection 05/26/2011 60000.00  
06/05/2025   LM 621.3515 MAL 00000010778 180000.00 06/02/2025 Books   Dewey Decimal Classification       College of Business Education Main Library College of Business Education Main Library General Collection 05/26/2011 60000.00 DON
06/05/2025   LM 621.3515 MAL 00000010779 180000.00 06/02/2025 Books   Dewey Decimal Classification       College of Business Education Main Library College of Business Education Main Library General Collection 05/26/2011 60000.00